00389nam a2200157Ia 4500003000400000008004100004040001600045082001300061100001600074245002800090260004000118300001000158490002600168650001500194650002200209GCL140319s9999 xx 000 0 eng d aGCL / cGCL04a843bG C1 aGIONO, JEAN10aCOLLINE / cGIONO, JEAN a[S.N] : bBERNARD GRASSET ، c1993 a189 P aLES CAHIERS ROUGESv004aLITERATURE04aFRENCH LITERATURE